Roentgen diagnosis of diseases of bone/ (Record no. 9170)

000 -LEADER
fixed length control field 00529nam a2200169 4500
008 - FIXED-LENGTH DATA ELEMENTS--GENERAL INFORMATION
fixed length control field 151019b xxu||||| |||| 00| 0 eng d
020 ## - INTERNATIONAL STANDARD BOOK NUMBER
International Standard Book Number 0683027441
050 ## - LIBRARY OF CONGRESS CALL NUMBER
Classification number RC 78 .G6 1981
100 ## - MAIN ENTRY--PERSONAL NAME
Personal name Edeiken, Jack.
Dates associated with a name 1981
245 ## - TITLE STATEMENT
Title Roentgen diagnosis of diseases of bone/
Statement of responsibility, etc. Jack Edeiken.
250 ## - EDITION STATEMENT
Edition statement 3rd ed.
260 ## - PUBLICATION, DISTRIBUTION, ETC. (IMPRINT)
Place of publication, distribution, etc. USA;
Name of publisher, distributor, etc. Williams & Wilkins,
Date of publication, distribution, etc. 1981.
300 ## - PHYSICAL DESCRIPTION
Extent 2 volumes (xlvii, 1557 pages) :
Other physical details ill. ;
Dimensions 27 cm.
440 ## - SERIES STATEMENT/ADDED ENTRY--TITLE
Title Golden's diagnostic radiology series,
Name of part/section of a work Sec 6.
Volume/sequential designation Vol. 2.
650 ## - SUBJECT ADDED ENTRY--TOPICAL TERM
Topical term or geographic name as entry element Diseases.
General subdivision Bone
942 ## - ADDED ENTRY ELEMENTS (KOHA)
Source of classification or shelving scheme
Koha item type Hard Covered Materials
Classification part RC 78 .G6 1981
Holdings
Withdrawn status Lost status Source of classification or shelving scheme Damaged status Not for loan Home library Current library Date acquired Source of acquisition Total Checkouts Full call number Barcode Date last seen Price effective from Koha item type
          MACHAKOS UNIVERSITY LIBRARY MACHAKOS UNIVERSITY LIBRARY 19/10/2015 Donation(B.F.A)   RC 78 .G6 1981 16581 19/10/2015 19/10/2015 Hard Covered Materials
          MACHAKOS UNIVERSITY LIBRARY MACHAKOS UNIVERSITY LIBRARY 04/12/2015 DONATION (BFA)   RC 78 .G6 1981 19056 30/05/2019 04/12/2015 Hard Covered Materials
          MACHAKOS UNIVERSITY LIBRARY MACHAKOS UNIVERSITY LIBRARY 09/12/2015 Donation (BFA)   SPE RC 78 .M3915 1984 18742 09/12/2015 09/12/2015 Hard Covered Materials
© Machakos University Library, Along The Highway, Machakos Wote Rd, Machakos, Kenya P.O. Box 136 - 90100 Machakos - Kenya

Tel: ( +254 ) 723 805829 OR Fax : 044-20353 OR Email: library@mksu.ac.ke